[Event "CZE-chT1E 0607"]
[Site "Czech Republic"]
[Date "2006.11.26"]
[Round "3.8"]
[White "Motacek, Vladimir"]
[Black "Uhmann, Jan"]
[Result "1-0"]
[WhiteElo "2040"]
[BlackElo "2175"]
[PlyCount "133"]
[EventDate "2006.10.15"]
[EventType "team-tourn"]
[EventRounds "11"]
[EventCountry "CZE"]
[SourceTitle "EXT 2008"]
[Source "ChessBase"]
[SourceDate "2007.11.25"]
[SourceVersion "1"]
[SourceVersionDate "2007.11.25"]
[SourceQuality "1"]

1. e4 e5 2. Nf3 Nc6 3. Bb5 a6 4. Ba4 Nf6 5. 0-0 Nxe4 6. d4 b5 7. Bb3 d5 8. dxe5 Be6 9. Nbd2 Nc5 10. c3 Be7 11. Bc2 d4 12. cxd4 Nxd4 13. Nxd4 Qxd4 14. Nf3 Qg4 15. Nd4 Qxd1 16. Rxd1 Bd7 17. Nf5 Bxf5 18. Bxf5 0-0 19. Be3 Rad8 20. Kf1 g6 21. Bc2 Ne6 22. f4 f5 23. Bb3 Kf7 24. Rdc1 Rd3 25. Kf2 Rxb3 26. axb3 Ra8 27. Rc6 a5 28. Rd1 a4 29. Ra1 Rb8 30. bxa4 bxa4 31. Ra2 Rb4 32. g3 Re4 33. Kf3 Rb4 34. Ra6 Rb3 35. Ke2 Bc5 36. Bxc5 Nxc5 37. Rc6 Ne6 38. Rc4 c5 39. Rcxa4 Nd4+ 40. Kf2 Ke6 41. Ra6+ Kd5 42. Rd6+ Ke4 43. e6 Rf3+ 44. Kg2 Re3 45. b3 Kd3 46. Rd5 Rxe6 47. Rxc5 Nxb3 48. Rc7 h6 49. Rcc2 g5 50. Rf2 g4 51. Ra8 Rc6 52. Ra3 Rb6 53. Rb2 Kc3 54. Re2 Kc4 55. Ra4+ Kb5 56. Raa2 Kc4 57. Re5 Nd4 58. Ra4+ Kc3 59. Rc5+ Kd3 60. Ra3+ Ke2 61. Rc4 Rd6 62. Rcc3 Nb5 63. Ra2+ Kd1 64. Rc5 Nd4 65. Rf2 Re6 66. Ra5 Nc2 67. Rd5+ 1-0

[Event "CZE-chT2d 0405"]
[Site "Czech Republic"]
[Date "2005.??.??"]
[Round "5"]
[White "Motacek, Vladimir"]
[Black "Nekula, Richard"]
[Result "1/2-1/2"]
[WhiteElo "2060"]
[BlackElo "2085"]
[PlyCount "70"]
[EventDate "2004.10.??"]
[EventType "team-tourn"]
[EventRounds "11"]
[EventCountry "CZE"]
[SourceTitle "EXT 2007"]
[Source "ChessBase"]
[SourceDate "2006.11.23"]
[SourceVersion "1"]
[SourceVersionDate "2006.11.23"]
[SourceQuality "1"]

1. e4 e5 2. Nf3 Nc6 3. Bb5 a6 4. Ba4 Be7 5. c3 Nf6 6. 0-0 0-0 7. Re1 b5 8. Bb3 d6 9. h3 Re8 10. d4 h6 11. Nbd2 Bb7 12. Nf1 Bf8 13. Ng3 Na5 14. Bc2 c5 15. d5 Bc8 16. b3 Bd7 17. Be3 g6 18. Nh2 Kh7 19. f4 Ng8 20. f5 Nb7 21. Rf1 Bg7 22. Qd2 a5 23. Bd1 a4 24. b4 Rf8 25. Bg4 Rc8 26. fxg6+ fxg6 27. Rxf8 Bxf8 28. Rf1 Qe7 29. Qf2 Bg7 30. Qf7 Rc7 31. Qxe7 Nxe7 32. bxc5 dxc5 33. d6 Nxd6 34. Bxd7 Rxd7 35. Bxc5 Ndc8 1/2-1/2